La Universitat de Catalunya / J. Navarro Costabella
Descripción Física:
74 p. ; 18 cm
Colección:
Aspectes de l'activitat catalana ; 3
Materias:
Universitat de Barcelona -- Història
MARC
| LEADER | 00000nam a2200000Ia 4500 | ||
|---|---|---|---|
| 001 | 9267 | ||
| 008 | 160829s1937 xx 000 0 cat d | ||
| 080 | |a E-1-153 | ||
| 100 | |a Navarro Costabella, Josep |9 25171 | ||
| 245 | |a La Universitat de Catalunya / J. Navarro Costabella | ||
| 260 | |a Barcelona : |b Generalitat de Catalunya, Comissariat de Propaganda, |c 1937 | ||
| 300 | |a 74 p. ; |c 18 cm | ||
| 490 | |a Aspectes de l'activitat catalana ; 3 | ||
| 650 | |a Universitat de Barcelona |x Història |9 25172 | ||
| 710 | 1 | |a Catalunya. |b Comissariat de Propaganda |9 56414 | |
| 901 | |a Arxiu | ||
| 942 | |n 1 | ||
| 952 | |0 0 |1 0 |4 0 |6 E1153 |7 1 |9 43481 |a Arxiu |b Arxiu |d 2016-12-01 |l 0 |o E-1-153 |p 9267 |r 2016-12-01 00:00:00 |w 2016-12-01 |y ARXIU | ||
| 999 | |c 46027 |d 46027 | ||